MARC

LEADER 00000nam0a2200000 4500
001 111915
005 20231031121036.0
035 |a (RuTPU)RU\TPU\book\120877 
090 |a 111915 
100 |a 20070321d1954 m y0rusy50 ca 
101 0 |a rus 
102 |a RU 
105 |a a j 001zy 
200 1 |a Эксплуатация нефтяных месторождений  |e учебник  |f А. И. Жуков [и др.] 
210 |a Москва  |c Изд-во нефтяной и горно-топливной лит-ры  |d 1954 
215 |a 604 с.  |c ил. 
320 |a Библиогр.: с. 599-600. 
610 1 |a эксплуатация 
610 1 |a нефтяные месторождения 
610 1 |a нефтяные залежи 
610 1 |a характеристика 
610 1 |a нефть 
610 1 |a добыча 
610 1 |a исследование 
610 1 |a нефтяные скважины 
610 1 |a разработка 
610 1 |a вскрытие 
610 1 |a нефтяные пласты 
610 1 |a подготовка 
610 1 |a фонтанная эксплуатация 
610 1 |a компрессорная эксплуатация 
610 1 |a пластовые давления 
610 1 |a подземный ремонт 
610 1 |a капитальный ремонт 
675 |a 622.276(075.32)  |v 3 
700 1 |a Жуков  |b А. И. 
701 1 |a Чернов  |b Б. С. 
701 1 |a Базлов  |b М. Н. 
701 1 |a Жукова  |b М. А. 
801 1 |a RU  |b 63413507  |c 20070321  |g PSBO 
801 2 |a RU  |b 63413507  |c 20191205  |g PSBO 
942 |c BK